000 01261nam a2200337 i 4500
001 1793831
003 ARRUPE
005 20150130113140.0
008 790702s1978 cau b 101 0 eng
010 _a 78062559
020 _a0875893848
040 _aDLC
_cDLC
_dDLC
050 0 0 _aGN365.9
_b.S6
082 0 0 _a301.2
245 0 0 _aSociobiology and human nature :
_b[an interdisciplinary critique and defense] /
_cMichael S. Gregory, Anita Silvers, & Diane Sutch, editors.
250 _a1st ed.
260 _aSan Francisco :
_bJossey-Bass,
_c1978.
300 _axix, 326 p. ;
_c24 cm.
490 0 _aJossey-Bass social and behavioral science series
500 _aResult of a conference, "Sociobiology: implications for human studies", held at San Francisco State University on June 14-15, 1977.
500 _aIncludes index.
504 _aBibliography: p. 295-316.
650 0 _aSociobiology
_xCongresses.
_914703
650 0 _aSocial behavior in animals
_xCongresses.
_914704
650 0 _aGenetic psychology
_xCongresses.
_914705
700 1 _aGregory, Michael S.(ed.)
_914706
700 1 _aSilvers, Anita.(ed.)
_914707
700 1 _aSutch, Diane.(ed.)
_914708
906 _a7
_bcbc
_corignew
_d2
_eopcn
_f19
_gy-gencatlg
942 _2lcc
_cMONOGRAPH
999 _c121916
_d121916